| 000 | 00671nam a2200181 a 4500 | ||
|---|---|---|---|
| 001 | 000987817 | ||
| 003 | AM-YeHGA | ||
| 005 | 20250617150303.0 | ||
| 008 | 131016s1973 ru r 000 0 rus d | ||
| 040 | _aAM-YeHGA | ||
| 041 | 0 | _arus | |
| 245 | 0 | 0 |
_aЭкспериментальная и возрастная кардиология : _bТруды III научной конференции / _cРедкол.: Л.И. Мурский и др. |
| 260 |
_aВладимир : _bБ. и., _c1973. |
||
| 300 | _a206 с. | ||
| 653 | 0 | _aКардиология - Исследования | |
| 700 | 1 |
_aМурский, Леонид Иванович _eред. _4edt |
|
| 090 | _c329706 | ||
| 999 |
_c327953 _d327953 |
||